000 00335 a2200157 4500
001 45735
020 _a9723309807
040 _cAnchieta - Aquarius
100 _aStorr, Catherine
240 1 0 _aRobin dos bosques
_lpor
245 1 0 _aRobin dos bosques
300 _a
362 0 _a1994
650 4 _aLiteratura juvenil
942 _cBK
999 _c45735
_d45735